000 00338nam a2200133Ia 4500
008 220216s9999 xx 000 0 und d
100 _aAllen P W
245 0 _aWinter tyres : the story of a successful innovation
260 _bRubber Developments
_c1981
300 _a102-106
650 _aTyres
650 _aWinter tyres
942 _cJS
999 _c72460
_d72460